Highway 61 revisited : Bob Dylan's road from Minnesota to the world /

Bibliographic Details
Other Authors: Sheehy, Colleen J. (Colleen Josephine), 1953-, Swiss, Thomas, 1952-
Format: Book
Language:English
Published: Minneapolis : University of Minnesota Press, [2009]
Subjects:

MARC

Tag First Indicator Second Indicator Subfields
LEADER 00000cam a22000004a 4500
001 in00002467210
005 20151111041702.0
008 090126s2009 mnua b s001 0beng
010 |a  2009003358 
015 |a GBA933463  |2 bnb 
016 7 |a 015103602  |2 Uk 
020 |a 9780816660995 (hc : alk. paper) 
020 |a 0816660999 (hc : alk. paper) 
020 |a 9780816661008 
020 |a 0816661006 
029 1 |a BWX  |b R4785647 
029 1 |a BWX  |b R8786083 
029 1 |a AU@  |b 000043810425 
035 |a (OCoLC)ocn286478448 
035 |a (OCoLC)286478448 
040 |a DLC  |c DLC  |d BTCTA  |d YDXCP  |d UKM  |d C#P  |d BWX  |d UtOrBLW 
043 |a n-us-mn  |a n-us--- 
049 |a TXAM 
050 0 0 |a ML420.D98  |b H54 2009 
082 1 4 |a 782.42164092  |a B  |2 22 
245 0 0 |a Highway 61 revisited :  |b Bob Dylan's road from Minnesota to the world /  |c Colleen J. Sheehy and Thomas Swiss, editors. 
264 1 |a Minneapolis :  |b University of Minnesota Press,  |c [2009] 
264 4 |c ©2009 
300 |a xxiii, 278 pages :  |b illustrations ;  |c 26 cm. 
336 |a text  |b txt  |2 rdacontent 
337 |a unmediated  |b n  |2 rdamedia 
338 |a volume  |b nc  |2 rdacarrier 
504 |a Includes bibliographical references and index. 
505 0 |a Highway 61, from north to south. Hibbing High School and "the mystery of democracy" / Greil Marcus ; Jewish homes on the range, 1890-1960 / Marilyn J. Chiat ; Not from nowhere : identity and aspiration in Bob Dylan's hometown / Susan Clayton -- "A lamp is burning in all our dark" : Bob Dylan and Johnny Cash / Court Carney ; Allowed to be free : Bob Dylan and the civil rights movement / Charles Hughes -- Planet waves. Lives of allegory : Bob Dylan and Andy Warhol / Thomas Crow ; Like the night : reception and reaction Dylan UK 1966 / C.P. Lee ; Oh, the streets of Rome : Dylan in Italy / Alessandro Carrera ; Bob Dylan's reception in Japan in the 1960s and 1970s / Mikiko Tachi ; Borderless troubadour : Bob Dylan's influence on international protest during the Cold War / Heather Stur -- The ancients, whom all moderns prize. Bob Dylan's lives of the poets : Theme time radio hour as buried autobiography / Mick Cochrane ; Bob Dylan's memory palace / Robert Polito ; Among schoolchildren : Dylan's forty years in the classroom / Kevin J.H. Dettmar -- In a voice without restraint. Women do Dylan : the aesthetics and politics of Dylan covers / Daphne Brooks and Gayle Wald ; Crow Jane approximately : Bob Dylan's black masque / Aldon Lynn Nielsen ; Not dark yet : how Bob Dylan got his groove back / David Yaffe ; "Nettie Moore" : minstrelsy and the cultural economy of race in Bob Dylan's late albums / Robert Reginio ; "Somewhere down in the United States" : the art of Bob Dylan's ventriloquism / Michael Cherlin and Sumanth Gopinath ; Dylan/disabled : tolling for the deaf and blind / Alex Lubet ; Bob Dylan and the beats : magpie poetics, an investigation and memoir / Anne Waldman. 
600 1 0 |a Dylan, Bob,  |d 1941- 
650 0 |a Singers  |z United States  |v Biography. 
600 1 0 |a Dylan, Bob,  |d 1941-  |x Criticism and interpretation. 
651 0 |a Hibbing (Minn.)  |x History. 
700 1 |a Sheehy, Colleen J.  |q (Colleen Josephine),  |d 1953- 
700 1 |a Swiss, Thomas,  |d 1952- 
938 |a Baker and Taylor  |b BTCP  |n BK0008101484 
938 |a Blackwell Book Service  |b BBUS  |n R8786083  |c $22.95 
938 |a YBP Library Services  |b YANK  |n 2946501 
945 |a PromptCat  |b 744145 
946 |a stk 
947 |a A14839915506 
994 |a 92  |b TXA 
948 |a cataloged  |b h  |d 2009/7/15  |h c  |e asalazar  |f 3:33:49 pm 
999 |a MARS 
999 f f |s 1340419f-7c1f-3a90-ae0b-3c1ea60a179b  |i 5a327d55-64ee-3de6-b228-6f358fe88bab  |t 0 
952 f f |p normal  |a Texas A&M University  |b College Station  |c Sterling C. Evans Library  |d Evans: Library Stacks  |t 0  |e ML420.D98 H54 2009  |h Library of Congress classification  |i unmediated -- volume  |m A14839915506 
998 f f |a ML420.D98 H54 2009  |t 0  |l Evans: Library Stacks